LEADER 00898nam0-2200325---450- 001 990009938920403321 005 20150206132354.0 010 $a978-88-709-2355-1 035 $a000993892 035 $aFED01000993892 035 $a(Aleph)000993892FED01 035 $a000993892 100 $a20150206d2013----km-y0itay50------ba 101 0 $aita 102 $aIT 105 $ay-------001yy 200 1 $aMezzogiorno di fede$eil rito tra esperienza, memoria e storia$fStefano De Matteis 210 $aNapoli$cD'Auria$d2013 215 $a254 p.$d21 cm 225 1 $aReligioni e storia$v2 610 0 $aRiti religiosi 676 $a203.8$v22$zita 700 1$aDe Matteis,$bStefano$0143724 801 0$aIT$bUNINA$gREICAT$2UNIMARC 901 $aBK 912 $a990009938920403321 952 $aXIV L 68$b52246$fFSPBC 959 $aFSPBC 996 $aMezzogiorno di fede$9821947 997 $aUNINA LEADER 01291cam--2200373---450 001 990003447760203316 005 20210323105512.0 010 $a978-88-6222-140-5 035 $a000344776 035 $aUSA01000344776 035 $a(ALEPH)000344776USA01 035 $a000344776 100 $a20100930d2010----km-y0itay50------ba 101 0 $aita 102 $aIT 105 $aa---||||001yy 200 1 $a<>Italia del 1947$einedito$ein "Portella della Ginestra: una strage per il Centrismo"$ePalermo, convegno del 4-5 giugno 1977$fVittorio Foa$ga cura di Giuseppe Dicevi$gprefazione di Giuseppe De Lutiis$gtestimonianza di Anna Foa$gnota di Salvo Vitale 210 $aRoma$cIacobelli$d2010 215 $a262 p.$cill.$d21 cm$e1 DVD 300 $aIn copertina: Associazione culturale Peppino Impastato-Casa Memoria Cinisi 606 0 $aStragi$xPortella della Ginestra$z1947$2BNCF 676 $a364.15230945823 700 1$aFOA,$bVittorio$025995 702 1$aDICEVI,$bGiuseppe 702 1$aDE LUTIIS,$bGiuseppe 702 1$aFOA,$bAnna 702 1$aVITALE,$bSalvo 801 0$aIT$bsalbc$gISBD 912 $a990003447760203316 951 $aX.3.A. 1701$b227290 L.M.$cX.3.A.$d00282792 959 $aBK 969 $aUMA 996 $aItalia del 1947$91108719 997 $aUNISA